Boj o južný pól /

Hlavní autor: Förster, Hans Albert, 1898-1954
Další autoři: Koštial, Rudolf, 1913-1991
Jazyk: Slovenština
Vydáno: Martin : Osveta, 1955
Vydání: 1. vyd.
Edice: Svetom (Osveta)
Fyzický popis: 401 s., příl.
Knihy
Uloženo v:
LEADER 00849nam a22002652a 4500
001 000112336
003 CZ BrMZK
005 20150120120358.0
007 ta
008 950101s1955 xo f f slo d
040 |a ABA007  |b cze  |d ABA007  |d OLA001  |d BOA001 
041 1 |a slo  |h ger 
100 1 |a Förster, Hans Albert,  |d 1898-1954  |7 xx0076985  |4 aut 
245 1 0 |a Boj o južný pól /  |c Hans Albert Foerster ; Rudolf Koštial (překladatel) 
250 |a 1. vyd. 
260 |a Martin :  |b Osveta,  |c 1955 
300 |a 401 s., příl. 
490 1 |a Svetom ;  |v zv. 3 
504 |a Obsahuje bibliografii 
700 1 |a Koštial, Rudolf,  |d 1913-1991  |7 ola2002151523  |4 trl 
830 0 |a Svetom (Osveta) 
910 |a BOA001  |b 2-0343.678 
990 |a BK 
991 |b 201501 
996 7 |b 2619964736  |c 2-0343.678  |l MZK  |r Sklad / do 24 hodin  |n 0  |w 000112336  |u 000010  |a 1  |e BOA001  |j MZK50  |s A